Angriff auf die Zukunft. Die 70er und 80er Jahre: So werden wir leben (Record no. 2269)

MARC details
000 -LEADER
fixed length control field 00457nam a22001937i 4500
001 - CONTROL NUMBER
control field 2290
003 - CONTROL NUMBER IDENTIFIER
control field OSt
005 - DATE AND TIME OF LATEST TRANSACTION
control field 20170126082304.0
007 - PHYSICAL DESCRIPTION FIXED FIELD--GENERAL INFORMATION
fixed length control field tu
008 - FIXED-LENGTH DATA ELEMENTS--GENERAL INFORMATION
fixed length control field 161220s1972 xxu||||| |||| 00| 0 d
024 7# - OTHER STANDARD IDENTIFIER
Standard number or code 2289
Source of number or code RID
040 ## - CATALOGING SOURCE
Transcribing agency OSt
084 ## - OTHER CLASSIFICATION NUMBER
Classification number 3.82
Number source z
100 1# - MAIN ENTRY--PERSONAL NAME
Personal name Kahn, Herman
245 00 - TITLE STATEMENT
Title Angriff auf die Zukunft. Die 70er und 80er Jahre: So werden wir leben
260 ## - PUBLICATION, DISTRIBUTION, ETC.
Place of publication, distribution, etc. München,
Date of publication, distribution, etc. 1972.
300 ## - PHYSICAL DESCRIPTION
Extent 400 S. ;
Dimensions 21cm.
700 1# - ADDED ENTRY--PERSONAL NAME
Personal name Bruce-Biggs, B.
942 ## - ADDED ENTRY ELEMENTS (KOHA)
Koha item type Book
Holdings
Withdrawn status Lost status Damaged status Not for loan Home library Current library Shelving location Date acquired Inventory number Total Checkouts Full call number Barcode Date last seen Price effective from Koha item type
        WIIW WIIW Souterrain 06/21/1995 2290   I-74 302288 01/26/2017 01/26/2017 Book
The Vienna Instiute for International Economic Studies (wiiw)